The spirit of the muse : (Record no. 63250)

MARC details
000 -LEADER
fixed length control field 01604nam a22002537a 4500
005 - DATE AND TIME OF LATEST TRANSACTION
control field 20120221114737.0
010 ## - LCCN (DPL NO)
LC control number B-453931-935
020 ## - INTERNATIONAL STANDARD BOOK NUMBER
International Standard Book Number 9788189988869
Terms of availability 350.00
035 ## - SYSTEM CONTROL NUMBER
System control number B-453931-935
037 ## - SOURCE OF ACQUISITION
Source of stock number/acquisition R.B.C./Ven
082 ## - DEWEY DECIMAL CLASSIFICATION NUMBER
Classification number 700.922
100 ## - MAIN ENTRY--PERSONAL NAME
Personal name Mehrotra, Rajiv
245 ## - TITLE STATEMENT
Title The spirit of the muse :
Remainder of title conversations on the journeys of artists /
Statement of responsibility, etc by Rajiv Mehrotra
260 ## - PUBLICATION, DISTRIBUTION, ETC. (IMPRINT)
Place of publication, distribution, etc New Delhi
Name of publisher, distributor, etc Hay House publishers
Date of publication, distribution, etc 2011
270 ## - ADDRESS
Address Muskan Complex,Plot No 3,B-2 Vasant Kunj,
City New Delhi
Postal code 110070
300 ## - PHYSICAL DESCRIPTION
Extent 274p
Dimensions 21cm(pbk)
942 ## - ADDED ENTRY ELEMENTS (KOHA)
Source of classification or shelving scheme Dewey Decimal Classification
Item type English Books
Call number suffix MEH
Classification part 700.922
Holdings
Withdrawn status Lost status Not for loan Collection code Home library Current library Date acquired Source of acquisition Cost, normal purchase price Full call number Barcode Copy number Cost, replacement price Koha item type
      Non-fiction Central Library Central Library 23/02/2012 RBC Pub/26777/20.10.2011/07/15.09.11/30.11.11 350.00 700.922 MEH B-453931 1 350.00 English Books
      Non-fiction Karol Bagh Karol Bagh 23/02/2012 RBC Pub/26777/20.10.2011/07/15.09.11/30.11.11 350.00 700.922 MEH B-453934 1 350.00 English Books
      Non-fiction Patel Nagar Patel Nagar 23/02/2012 RBC Pub/26777/20.10.2011/07/15.09.11/30.11.11 350.00 700.922 MEH B-453932 1 350.00 English Books
      Non-fiction Sarojini Nagar Sarojini Nagar 23/02/2012 RBC Pub/26777/20.10.2011/07/15.09.11/30.11.11 350.00 700.922 MEH B-453933 1 350.00 English Books
      Non-fiction Shahdara Branch Shahdara Branch 23/02/2012 RBC Pub/26777/20.10.2011/07/15.09.11/30.11.11 350.00 700.922 MEH B-453935 1 350.00 English Books

© Delhi Public Library
Hit Counter
free hit counter